Fr. Conceicao Rodrigues College of Engineering

Foundations to optimization (Record no. 32945)

MARC details
000 -LEADER
fixed length control field 00300nam a2200133Ia 4500
082 ## - DEWEY DECIMAL CLASSIFICATION NUMBER
Classification number 620.7
Item number BEI/PHI
100 ## - MAIN ENTRY--PERSONAL NAME
Personal name Beightler/C.S
245 ## - TITLE STATEMENT
Title Foundations to optimization
260 ## - PUBLICATION, DISTRIBUTION, ETC.
Name of publisher, distributor, etc. prentice hall
Place of publication, distribution, etc. New Delhi
Date of publication, distribution, etc. 1982
300 ## - PHYSICAL DESCRIPTION
Extent 487
546 ## - LANGUAGE NOTE
Language note ENGLISH
654 ## - SUBJECT ADDED ENTRY--FACETED TOPICAL TERMS
Focus term optimizatoin
942 ## - ADDED ENTRY ELEMENTS (KOHA)
Koha item type BOOK
Holdings
Withdrawn status Lost status Damaged status Not for loan Collection Home library Current library Date acquired Cost, normal purchase price Total Checkouts Full call number Barcode Date last seen Cost, replacement price Price effective from Koha item type
        CRC Fr. Agnel's C.Rodrigues College of Engineering Fr. Agnel's C.Rodrigues College of Engineering 17/03/2023 39.00   620.7 BEI/PHI 1462 17/03/2023 39.00 17/03/2023 BOOK